| 000 | 00630nam a22002057a 4500 | ||
|---|---|---|---|
| 003 | BUBTL | ||
| 008 | 210817b xxu||||| |||| 00| 0 eng d | ||
| 020 | _a9789848792193 | ||
| 082 | _a346.411048 / M2788i | ||
| 100 |
_94130 _aMahmud, Talukdar Rasel |
||
| 245 |
_aAn Introduction to Intellectual property law / _cTalukdar Rasel Mahmud , M. Ahsan Kabir |
||
| 250 | _a2nd edn. | ||
| 260 |
_aDhaka : _bShams Publications, _cc2016. |
||
| 300 |
_axxiv,624 p. : _c22 cm. |
||
| 650 | 0 |
_926 _aLaw |
|
| 700 |
_94131 _aKabir, M. Ahsan |
||
| 856 |
_k0 _l0 _yDownload |
||
| 942 |
_2ddc _cBK |
||
| 999 |
_c6514 _d6514 |
||